Lehninger principles of biochemistry (Record no. 1238157)

MARC details
000 -LEADER
fixed length control field 00804nam a2200265Ia 4500
003 - CONTROL NUMBER IDENTIFIER
control field OSt
005 - DATE AND TIME OF LATEST TRANSACTION
control field 20251215101003.0
008 - FIXED-LENGTH DATA ELEMENTS--GENERAL INFORMATION
fixed length control field 008 250114s9999 xx 000 0 eng d
020 ## - INTERNATIONAL STANDARD BOOK NUMBER
International Standard Book Number 9781319381493
037 ## - SOURCE OF ACQUISITION
Stock number Textual
040 ## - CATALOGING SOURCE
Original cataloging agency CSL
Language of cataloging eng
Transcribing agency CSL
041 ## - LANGUAGE CODE
Language code of text/sound track or separate title eng
Source of code eng
084 ## - COLON CLASSIFICATION NUMBER
Classification number E9G P0;R1;2-;3 Carb
Assigning agency CSL
100 ## - MAIN ENTRY--PERSONAL NAME
Personal name Nelson, David L
9 (RLIN) 393536
245 #0 - TITLE STATEMENT
Title Lehninger principles of biochemistry
Statement of responsibility, etc. Nelson, David L; Cox, Michael M
250 ## - EDITION STATEMENT
Edition statement 8th
260 ## - PUBLICATION, DISTRIBUTION, ETC.
Place of publication, distribution, etc. New York
Name of publisher, distributor, etc. Macmillan Learning
Date of publication, distribution, etc. 2021
300 ## - PHYSICAL DESCRIPTION
Extent xxxiii, 1096p. col. ill.
650 ## - SUBJECT ADDED ENTRY--TOPICAL TERM
Topical term or geographic name entry element Enzymes
9 (RLIN) 475642
650 ## - SUBJECT ADDED ENTRY--TOPICAL TERM
Topical term or geographic name entry element Information pathways
9 (RLIN) 856490
650 ## - SUBJECT ADDED ENTRY--TOPICAL TERM
Topical term or geographic name entry element Botany
9 (RLIN) 856491
700 ## - ADDED ENTRY--PERSONAL NAME
Personal name Cox, Michael M
9 (RLIN) 393537
942 ## - ADDED ENTRY ELEMENTS (KOHA)
Koha item type Textual
Classification part E9G P0;R1;2-;3 Carb
Source of classification or shelving scheme Colon Classification (CC)
Suppress in OPAC No
Holdings
Withdrawn status Lost status Source of classification or shelving scheme Damaged status Not for loan Home library Current library Date acquired Total Checkouts Full call number Date last seen Price effective from Koha item type
    Colon Classification (CC)     Central Science Library Department of Botany Library 2025-12-15   E9G P0;R1;2-;3 Carb 2025-12-15 2025-12-15 Textual
Copyright @ Delhi University Library System